| 000 | 02933 a2200397 4500 | ||
|---|---|---|---|
| 999 |
_c10788 _d10788 |
||
| 020 | _a9780323416375 | ||
| 050 |
_aQP121 _bBEA 2018 |
||
| 100 |
_aBeachey, Will _eauthor |
||
| 245 |
_aRespiratory care anatomy and physiology : _bfoundations for clinical practice / _cWill Beachey |
||
| 250 | _aFourth edition | ||
| 264 |
_aSt. Louis, Missouri : _bElsevier, _c2018 |
||
| 300 |
_axiii, 442 pages : _billustrations |
||
| 336 |
_2rdacontent _atext _btxt |
||
| 337 |
_2rdamedia _aunmediated _bn |
||
| 338 |
_2rdacarrier _avolume _bnc |
||
| 500 | _an/a | ||
| 504 | _aIncludes index | ||
| 505 | _aThe respiratory system The airways and alveoli The lungs and chest wall Mechanics of ventilation Ventilation Pulmonary function measurements Pulmonary blood flow Gas diffusion Oxygen equilibrium and transport Carbon dioxide equilibrium and transport Acid-base regulation Control of ventilation Ventilation-perfusion relationships Clinical assessment of acid-base and oxygenation status Physiological basis for advanced oxygenation and mechanical ventilation strategies Physiology of sleep-disordered breathing Fetal and newborn cardiopulmonary physiology The cardiovascular system Functional anatomy of the cardiovascular system Cardiac electrophysiology The electrocardiogram and cardiac arrhythmias in adults Control of cardiac output and hemodynamic measurements The renal system Filtration, urine formation, and fluid regulation Electrolyte and acid-base regulation Integrated responses in exercise and aging Cardiopulmonary response is exercise in health and disease Effects of aging on the cardiopulmonary system | ||
| 520 | _aPrepare to think critically, take a more clinical perspective, and connect theory with practice. Written specifically for respiratory care students in an easy-to-understand format, 'Respiratory Care Anatomy and Physiology', fourth edition, details applied respiratory and cardiovascular physiology and how anatomy relates to physiological functions. Content spans the areas of detailed anatomy and physiology of the pulmonary, cardiovascular, and renal systems, and covers the physiological principles underlying common therapeutic, diagnostic, and monitoring therapies and procedures | ||
| 650 | _a Appareil cardiovasculaire Physiologie | ||
| 650 | _aAppareil respiratoire Physiologie | ||
| 650 | _aCardiovascular Physiological Phenomena | ||
| 650 | _aCardiovascular system Physiology | ||
| 650 | _aHealth and Fitness | ||
| 650 | _aHealth and Wellbeing | ||
| 650 | _aKidney physiology | ||
| 650 | _aKidneys Physiology | ||
| 650 | _aReins Physiologie | ||
| 650 | _aRespiration | ||
| 650 | _aRespiratory Physiological Phenomena | ||
| 650 | _aRespiratory System anatomy & histology | ||
| 650 | _aRespiratory Therapy | ||
| 650 | _aRespiratory organs Physiology | ||
| 650 | _aRespiratory therapy | ||
| 942 |
_2lcc _cBK _eFourth edition _h121 _iBEA _kQP |
||